000
00252nam a22001097a 4500
082
_a
954.91 KHA'P
100
_a
KHALIQUEZZAMAN, CHOUDHRY
_9
80253
245
_a
PATH WAY TO PAKISTAN
260
_a
PAKISTAN
_b
LONGMANS
_c
1961
300
_a
432P
942
_c
BK
999
_c
585202
_d
585202